000 00676nam a2200193 a 4500
001 5117
003 CO-ViMGA
008 141112s2004 ck r 000 u spa d
040 _aCO-ViMGA
_bspa
_cCO-ViMGA
082 _a843.912 P768
100 1 _aProust, Marcel
_95115
245 1 0 _aEn busca del tiempo perdido
260 _aMadrid :
_bAlianza,
_c1995
300 _a6 Vol
500 _aSolicitar el ejemplar de la tabla de contenido.
505 _aVOL.(2)A la sombra de los muchachos en flor VOL (3)El mundo de los guermontes VOL.(4)Sodoma y gomorra VOL.(5)La prisionera VOL.(6)La fugitiva VOL.(7), El tiempo recobrado
650 1 4 _aNOVELA FRANCESA
_92629
942 _2ddc
_cBK
999 _c10625
_d10625